MATLAB para ingenieros

Saved in:
Bibliografiske detaljer
Hovedforfatter: Moore, Holly (autora)
Format: Bog
Sprog:spansk
Udgivet: Ciudad de México Pearson Educación 2007
Udgivelse:1a. ed
Fag:
Tags: Tilføj Tag
Ingen Tags, Vær først til at tagge denne postø!

MARC

LEADER 00000nam a2200000 a 4500
001 UCI9191
003 CL-VaPUC
005 20240717153514.0
008 081030e20070000MX |||||||||||||||||spa|d
999 |c 331778  |d 331776 
020 |a 9702610826 
040 |c Pontificia Universidad Católica de Valparaíso 
082 0 4 |a 005.133  |b MOO  |2 21 
100 |a Moore, Holly  |e autora  |9 532801 
245 1 0 |a MATLAB para ingenieros 
250 |a 1a. ed 
260 |a Ciudad de México  |b Pearson Educación  |c 2007 
300 |a 608 p 
583 |a last modification  |c 20081030 00:00:00  |k Rodrigo Vera 
650 7 |a MATLAB  |2 CL-VaPUC  |9 330763  |x Lenguaje de programación  |x Conceptos y herramientas básicas 
650 0 |a Álgebra   |x Matrices  |9 369268 
650 0 |a Matemáticas para ingenieros  |9 259317  |x Análisis y procesamiento de datos 
942 |c BK  |2 ddc 
945 |d 20081030 00:00:00  |a rbrito 
952 |0 0  |1 0  |2 ddc  |4 0  |6 005_133000000000000_MOO_2007  |7 0  |8 A  |9 418879  |a BIBING  |b BIBING  |c RES  |d 2019-11-22  |i 4494318  |l 14  |m 1  |o 005.133 MOO 2007  |p 4494318  |r 2025-01-20  |s 2024-06-11  |w 2019-11-22  |y BK  |k EIQ 
952 |0 0  |1 0  |2 ddc  |4 0  |6 005_133000000000000_MOO_2007  |7 0  |8 A  |9 418880  |a BIBING  |b BIBING  |d 2019-11-22  |i 4494326  |l 1  |o 005.133 MOO 2007  |p 4494326  |q 2020-09-30  |r 2020-07-28  |s 2020-07-28  |w 2019-11-22  |y BK  |k EIQ 
952 |0 0  |1 0  |2 ddc  |4 0  |6 005_133000000000000_MOO_2007  |7 0  |8 A  |9 418881  |a BIBING  |b BIBING  |c RES  |d 2019-11-22  |i 4494334  |l 16  |m 1  |o 005.133 MOO 2007  |p 4494334  |r 2025-01-20  |s 2024-04-02  |w 2019-11-22  |y BK  |k EIQ 
952 |0 0  |1 0  |2 ddc  |4 0  |6 005_133000000000000_MOO_2007  |7 0  |8 A  |9 418882  |a BIBING  |b BIBING  |c RES  |d 2019-11-22  |i 4494342  |l 12  |m 2  |o 005.133 MOO 2007  |p 4494342  |r 2025-01-20  |s 2024-03-19  |w 2019-11-22  |y BK  |k EIQ 
952 |0 0  |1 0  |2 ddc  |4 0  |6 005_133000000000000_MOO_2007  |7 0  |8 A  |9 418883  |a BIBING  |b BIBING  |c RES  |d 2019-11-22  |i 4494350  |l 10  |m 5  |o 005.133 MOO 2007  |p 4494350  |r 2025-01-20  |s 2024-08-30  |w 2019-11-22  |y BK  |k EIQ 
952 |0 0  |1 0  |4 0  |6 005_133000000000000_MOO_2007  |7 0  |8 A  |9 418885  |a BIBMEC  |b BIBMEC  |d 2019-11-22  |i 4629019  |o 005.133 MOO 2007  |p 4629019  |r 2024-01-19  |w 2019-11-22  |y BK  |k MEC 
952 |0 0  |1 0  |4 0  |6 005_133000000000000_MOO_2007  |7 0  |8 A  |9 418886  |a BIBMEC  |b BIBMEC  |d 2019-11-22  |i 4679962  |o 005.133 MOO 2007  |p 4679962  |r 2024-01-19  |w 2019-11-22  |y BK  |k MEC